| 000 | 00442nam a22001577a 4500 | ||
|---|---|---|---|
| 003 | OSt | ||
| 005 | 20140310182444.0 | ||
| 008 | 130803t xxu||||| |||| 00| 0 eng d | ||
| 020 | _a9715843913 | ||
| 050 |
_aQD 251.3 _b.D261 2003 |
||
| 245 |
_aOrganic Chemistry : _bmade ridiculously simple / _cGene A. Davis |
||
| 260 |
_aMiami, FL : _bMedMaster, Inc., _cc2003. |
||
| 300 |
_a206 p. : _bill. ; _c26 cm. |
||
| 942 |
_2lcc _cSSLC |
||
| 999 |
_c13574 _d13574 |
||